Bilecik Bilecik Bilecik Bilecik Bilecik

Yeni gerçekler :devlet ve politika alanında ekonomi bilimi ve iş dünyasında toplumda ve dünya görüşünde ; The new realities/ (Record no. 3704)

MARC details
000 -BAŞLIK
Sabit Uzunluktaki Kontrol Alanı 01299nam a22003857a 4500
001 - KONTROL NUMARASI
Control Dosyası 0003720
003 - KONTROL NUMARASI KİMLİĞİ
Kontrol Alanı KOHA_MİRAKIL
005 - EN SON İŞLEM TARİHİ ve ZAMANI
Kontrol Alanı 20260207001345.0
007 - FİZİKSEL TANIM SABİT ALAN - GENEL BİLGİ
Sabit uzunluklu kontrol alanı ta
008 - SABİT UZUNLUKTAKİ VERİ ÖGELERİ - GENEL BİLGİ
Sabit Alan 090415b1992 tu |||gr||||#||||0|tur |
020 ## - ISBN - ULUSLARARASI STANDART KİTAP NUMARASI
Isbn 9754580413
040 ## - KATALOGLAMA KAYNAĞI
Özgün Kataloglama Kurumu TR-BiSEU
Kataloglama Dili tur
Çeviri Kurumu TR-BiSEU
Açıklama Kuralları rda
041 0# - DİL KODU
Metin ya da ses kaydının dil kodu tur
044 ## - YAYINLAYAN/ÜRETEN KURULUŞUN ÜLKE KODU
ISO country code tu
050 ## - SINIFLAMA ve YER NUMARASI
Sınıflama Numarası D860
Yer Numarası .D78 1992
100 1# - KİŞİ ADI
Yazar Adı (Kişi adı) Drucker, Peter F..
245 1# - ESER ADI BİLDİRİMİ
Başlık Yeni gerçekler :devlet ve politika alanında ekonomi bilimi ve iş dünyasında toplumda ve dünya görüşünde ; The new realities/
Sorumluluk Bildirimi Peter F. Drucker ; Peter F. Drucker; editör Birtane Karanakçı.
264 #1 - ÜRERİM, YAYIN, DAĞITIM ve TELİF BİLDİRİMİ
Yayın yeri Ankara :
Yayınlayan Türkiye İş Bankası Kültür Yayınları
Yayın tarihi 1992
300 ## - FİZİKSEL TANIMLAMA
Sayfa, Cilt vb. VI, 270 sayfa
336 ## - İÇERİK TÜRÜ
Content type term metin
Content type code txt
Source rdacontent
337 ## - MEDYA TÜRÜ
Media type term aracısız
Media type code n
Source rdamedia
338 ## - TAŞIYICI TÜRÜ
Carrier type term cilt
Carrier type code nc
Source rdacarrier
490 1# - DİZİ BİLDİRİMİ
Dizi Bildirimi Türkiye İş Bankası kültür yayınları.
490 1# - DİZİ BİLDİRİMİ
Dizi Bildirimi Genel yayın no.
490 1# - DİZİ BİLDİRİMİ
Dizi Bildirimi 315.
490 1# - DİZİ BİLDİRİMİ
Dizi Bildirimi Tarih dizisi ;
Cilt Numarası 25.
650 #0 - KONU BAŞLIĞI EK GİRİŞ - KONU TERİMİ
Konusal terim veya coğrafi ad Bilgi toplumu.
9 (RLIN) 9043
650 #0 - KONU BAŞLIĞI EK GİRİŞ - KONU TERİMİ
Konusal terim veya coğrafi ad Ekonomik tarih--1971
9 (RLIN) 9044
650 #0 - KONU BAŞLIĞI EK GİRİŞ - KONU TERİMİ
Konusal terim veya coğrafi ad Siyasal tarih--1985-1995.
9 (RLIN) 9045
830 1# - SERİ EK GİRİŞİ - TEKBİÇİM ESER ADI
Tekbiçim Başlık Türkiye İş Bankası kültür yayınları.
9 (RLIN) 9046
830 1# - SERİ EK GİRİŞİ - TEKBİÇİM ESER ADI
Tekbiçim Başlık Genel yayın no.
9 (RLIN) 9047
830 1# - SERİ EK GİRİŞİ - TEKBİÇİM ESER ADI
Tekbiçim Başlık 315.
9 (RLIN) 9048
830 1# - SERİ EK GİRİŞİ - TEKBİÇİM ESER ADI
Tekbiçim Başlık Tarih dizisi ;
Volume number/sequential designation 25.
9 (RLIN) 7565
942 ## - EK GİRİŞ ÖGELERİ (KOHA)
Source of classification or shelving scheme Library of Congress Classification
Koha item type Book
Holdings
Materyal Türü Kalıcı Konum Mevcut Konum Raf Yeri Sınıflandırma Kaynağı Edinim Bilgisi Ana Konular Alt Konular Yer Numarası Demirbaş Numarası Fatura Tarihi Maliyet, Alış Fiyatı Maliyet, Yenileme Fiyatı Geri Çekilme Durumu Kayıp Durumu Hasarlı Durumu Kredi için değil Kayıt Tarih Toplam Ödünçverme Son Görülme Tarihi Son Kontrol Tarihi Genel / Bağış Notu
Book Prof. Dr. Azmi Özcan Kütüphanesi Prof. Dr. Azmi Özcan Kütüphanesi Uluğbey Salonu Library of Congress Classification Bağış DÜNYA TARİHİ (AVRUPA, ASYA, AFRİKA VB.) Tarih (Genel) D860 .D78 1992 0003720 13/08/2010 4.00 4.00         15/04/2009   05/12/2024 05/12/2024 İİBF